=LDR 00000nam 2200000 4500 =001 INLIS000000000027063 =005 20130612125452 =008 ***********************************Ind** =035 ##$$0010-061300000027063 =041 ##$$a Ind =082 ##$$a 664.8 =090 ##$$a 664.8, Ruk a =100 ##$$a Rukmana, Rahmat =245 ##$$a Aneka olahan limbah, tanaman pisang, jambu mete, rasella, H. Rahmat Rukmana =260 ##$$a 2001 $b Yogyakarta =300 ##$$a 52 hlm, ilus, 19 cm =650 ##$$a Tanaman buah-buahan =850 ##$$a NBPNMAT